| 000 | 00908nam a2200289Ia 4500 | ||
|---|---|---|---|
| 003 | GCL | ||
| 008 | 140319s9999 xx 000 0 ara d | ||
| 040 |
_aGCL / _cGCL |
||
| 082 | 0 | 4 |
_aق _b301.6332 _bح ث |
| 100 | 1 | _aحسين نصار | |
| 245 | 1 | 0 |
_aالثورات الشعبية فى مصر الاسلامية / _cحسين نصار |
| 260 |
_a[S.N] : _bاقرأ للطباعة والترجمة والنشر ، _c1986 |
||
| 300 | _a117 ص | ||
| 490 | _a | ||
| 650 | 0 | 4 | _aمصر |
| 650 | 0 | 4 | _aتاريخ |
| 650 | 0 | 4 | _aالثورات |
| 650 | 0 | 4 | _aالاحوال الاجتماعية |
| 650 | 0 | 4 | _aالاحوال السياسية |
| 650 | 0 | 4 | _aالخوارج |
| 650 | 0 | 4 | _aالاحوال الاقتصادية |
| 650 | 0 | 4 | _aالمقاومة الشعبية |
| 650 | 0 | 4 | _aالدولة الاموية |
| 650 | 0 | 4 | _aالاقباط |
| 650 | 0 | 4 | _aالثورات الوطنية |
| 942 |
_2ddc _cBK |
||
| 999 |
_c37230 _d37230 |
||